000
00232nam a22000857a 4500
008
160805b xxu||||| |||| 00| 0 eng d
100
_9
41
_a
Aggarwal R.S
245
_a
Composite Mathematics-5
260
_a
New Delhi
_b
S.Chand Publication
_c
2012
999
_c
2692
_d
2692